000 00458nam a2200157Ia 4500
005 20250508161830.0
008 008 250505s9999 xx 000 0 hin d
037 _aTextual
040 _aFEDL
_beng
_cFEDL
041 _ahin
_2eng
084 _a330.954, IND
_qFEDL
245 0 _aBharat : Prashan aur Uttar ruprekha se murtrup ki ouar pragati ke 28 versh
650 _aEconomics
942 _cTEXL
_h330.954, IND
999 _c1372529
_d1372529